Welcome to Marium Abdulla Library

Embrace knowledge with a breath of fresh air.

Browse Collection

Marium Abdulla Library

Type on screen : (Record no. 9869)

MARC details
000 -LEADER
fixed length control field 01250cam a2200361 i 4500
001 - CONTROL NUMBER
control field 12232
003 - CONTROL NUMBER IDENTIFIER
control field OSt
005 - DATE AND TIME OF LATEST TRANSACTION
control field 20250709121643.0
008 - FIXED-LENGTH DATA ELEMENTS--GENERAL INFORMATION
fixed length control field 131018s2014 nyuab 001 0 eng
010 ## - LIBRARY OF CONGRESS CONTROL NUMBER
LC control number 2013036784
020 ## - INTERNATIONAL STANDARD BOOK NUMBER
International Standard Book Number 9781616891701
Qualifying information paperback : alk. paper
035 ## - SYSTEM CONTROL NUMBER
System control number 17907895
040 ## - CATALOGING SOURCE
Original cataloging agency DLC
Language of cataloging eng
Transcribing agency DLC
Description conventions rda
042 ## - AUTHENTICATION CODE
Authentication code pcc
050 00 - LIBRARY OF CONGRESS CALL NUMBER
Classification number Z246
Item number .T87 2014
082 00 - DEWEY DECIMAL CLASSIFICATION NUMBER
Classification number 686.22 LUP
Edition information 23
Item number 12232
100 ## - MAIN ENTRY--PERSONAL NAME
Personal name Lupton,Ellen
245 00 - TITLE STATEMENT
Title Type on screen :
Remainder of title a guide for designers, developers, writers, and students /
Statement of responsibility, etc. Ellen Lupton, editor.
250 ## - EDITION STATEMENT
Edition statement First Edition.
264 #1 - PRODUCTION, PUBLICATION, DISTRIBUTION, MANUFACTURE, AND COPYRIGHT NOTICE
Place of production, publication, distribution, manufacture New York :
Name of producer, publisher, distributor, manufacturer Princeton Architectural Press,
Date of production, publication, distribution, manufacture, or copyright notice [2014]
300 ## - PHYSICAL DESCRIPTION
Extent 208 pages :
Other physical details illustrations (chiefly color), color maps ;
Dimensions 22 cm.
336 ## - CONTENT TYPE
Content type term text
Source rdacontent
337 ## - MEDIA TYPE
Media type term unmediated
Source rdamedia
338 ## - CARRIER TYPE
Carrier type term volume
Source rdacarrier
490 0# - SERIES STATEMENT
Series statement Design briefs-essential texts on design
500 ## - GENERAL NOTE
General note Includes index.
650 #0 - SUBJECT ADDED ENTRY--TOPICAL TERM
Topical term or geographic name entry element Graphic design (Typography)
650 #0 - SUBJECT ADDED ENTRY--TOPICAL TERM
Topical term or geographic name entry element Digital media.
700 1# - ADDED ENTRY--PERSONAL NAME
Personal name Lupton, Ellen,
Relator term editor.
906 ## - LOCAL DATA ELEMENT F, LDF (RLIN)
a 7
b cbc
c orignew
d 1
e ecip
f 20
g y-gencatlg
942 ## - ADDED ENTRY ELEMENTS (KOHA)
Source of classification or shelving scheme Dewey Decimal Classification
Koha item type Reference
Suppress in OPAC No
Holdings
Date last seen Total checkouts Full call number Barcode Date last checked out Price effective from Koha item type Lost status Damaged status Not for loan Collection Withdrawn status Home library Current library Shelving location Date acquired Source of acquisition Cost, normal purchase price
12/12/2025 1 686.22 LUP 12232 09/05/2025 10/26/2021 Reference       Communication Design   Marium Abdulla Library Marium Abdulla Library Reference 03/25/2016 Progressive International 2800.00